LEADER 01055nam0-22003131i-450- 001 990007466190403321 005 20091022143122.0 035 $a000746619 035 $aFED01000746619 035 $a(Aleph)000746619FED01 035 $a000746619 100 $a20030814d1986----km-y0itay50------ba 101 0 $aita 102 $aIT 105 $aa-------001yy 200 1 $a<>mercati periodici del Veneto e del Trentino-Alto Adige nel 1985$eprime considerazioni sui risultati di una inchiesta$fUgo Mattana 210 $aPadova$cUniversità$d1986 215 $a25 p.$d30 cm$e2 c. ripieg. in tasca 225 1 $aQuaderni del Dipartimento di geografia dell'Università degli studi di Padova 610 0 $aVeneto$aEconomia 610 0 $aTrantino-Alto Adige$aEconomia 700 1$aMattana,$bUgo$0269607 801 0$aIT$bUNINA$gRICA$2UNIMARC 901 $aBK 912 $a990007466190403321 952 $aB-It 0018$bI.G.341$fILFGE 959 $aILFGE 996 $aMercati periodici del Veneto e del Trentino-Alto Adige nel 1985$9674049 997 $aUNINA LEADER 01138nam0-22003731i-450- 001 990000844830403321 005 20130226123941.0 035 $a000084483 035 $aFED01000084483 035 $a(Aleph)000084483FED01 035 $a000084483 100 $a20130226d1972----km-y0itay50------ba 101 0 $aeng 102 $aUS 105 $ay-------001yy 200 1 $aDifferential equations with applications and historical notes$fGeorge F. Simmons 210 $aNew York$cGraw-Hill Book Company$d1972 215 $aX, 465 p.$d23 cm 225 1 $aInternational series in pure and applied mathematics 610 0 $aEquazioni differenziali e integro-differenziali 676 $a515.35 676 $a517.37 700 1$aSimmons,$bGeorge Finlay$f<1925- >$013776 801 0$aIT$bUNINA$gRICA$2UNIMARC 901 $aBK 912 $a990000844830403321 952 $a02 30 D 13$b2841$fFINBN 952 $a04 012-31$bCI 6089$fDINCH 952 $a15-106$b7569 F.T.$fFI1 959 $aFINBN 959 $aDINCH 959 $aFI1 996 $aDifferential equations with applications and historical notes$9349058 997 $aUNINA